Statistiques concernant Paroles - Bim Bam Toi - Carla

Cliquez ici pour prendre le quiz!

Statistiques générales

  • Ce quiz a été pris 61 fois
  • Le résultat moyen est 224 sur 353

Statistiques - réponses

Réponse% Correct
bam,
98%
Bim,
98%
bim,
98%
ça
98%
Ça
98%
ça.
98%
boum.
94%
fait
94%
et
92%
Et
92%
ma
75%
mon
71%
vroum.
71%
coeur
69%
coeur,
69%
à
63%
qui
63%
tête
60%
Dans
58%
tout
58%
tourne.
56%
la
54%
là.
54%
petit
54%
y'a
52%
I
48%
je
46%
Jusqu'à
46%
me
46%
monte.
46%
monte,
46%
comme
44%
blabla.
42%
ci,
42%
Les
42%
puis
38%
c'que
35%
mots
35%
m'en
33%
pour
33%
crier.
31%
disjoncte !
31%
disjoncte.
31%
gorge
31%
manquent.
31%
J'ai
29%
j'aimerais
29%
Pourtant
29%
ah.
27%
ah
27%
crois
27%
love
25%
nouée.
25%
pas.
25%
comprends
23%
qu'c'est
23%
you,
21%
Muette
19%
quoi ?
19%
saltimbanque
19%
est
10%
Il
10%
ne
10%
Mais
8%
j'avoue,
6%
j'explose.
6%
l'intérieur
6%
mes
6%
confesse,
4%
depuis
4%
lèvres
4%
pshht
4%
rien
4%
beau
2%
closes.
2%
perce
2%
quand
2%
shht
2%
tenter
2%
tes
2%
yeux.
2%
affronter
0%
amoureux ?
0%
courage
0%
du
0%
est-on
0%
faudrait
0%
jamais
0%
on
0%
sage
0%

Distribution des résultats

Percentile par nombre de réponses

% des personnes avec chaque résultat

Votre développement - résultats

Vous n’avez pas pris ce quiz